Taylor Swift - Eras Tour Picture Quiz #2 - Statistics

General Stats
  • This quiz has been taken 78 times
  • The average score is 9 of 10
Answer Stats
Picture Answer % Correct
The Archer
100%
Betty
98%
Don’t Blame Me
96%
22
94%
Tolerate it
94%
You Belong With Me
94%
Blank Space
92%
Lavender Haze
92%
Long Live
90%
The Smallest Man Who Ever Lived
85%
No matching quizzes found
Score Distribution
Percent of People with Each Score
Percentile by Number Answered
Your Score History
You have not taken this quiz